| 000 | 00885nam a22002297a 4500 | ||
|---|---|---|---|
| 003 | BD-DhUL | ||
| 005 | 20230528141051.0 | ||
| 008 | 230515s2023 bg a|||| b||| 000 0 ben | ||
| 020 | _a9789848033476 (hbk) | ||
| 040 |
_aBD-DhUL _cBD-DhUL |
||
| 082 |
_a920 _bBAA |
||
| 100 | 1 | _aবড়ুয়া, অজিত কুমার | |
| 245 | 0 | 0 |
_aআমার দেখা মুক্তিযুদ্ধ ও কিছু অসম্পূর্ণ কাজ / _cঅজিত কুমার বড়ুয়া । |
| 260 |
_aঢাকা : _bমিজান, _c২০২৩ । |
||
| 300 |
_a৭৩ পৃ. : _bচিত্র ; _c২২ সেমি. |
||
| 365 |
_aBDT _b250.00 |
||
| 650 | 4 | _aস্মৃতিকথা । | |
| 650 | 4 | _aMemoirs. | |
| 651 | 0 |
_aবাংলাদেশ _xইতিহাস । |
|
| 651 | 0 |
_aBangladesh _xHistory. |
|
| 942 |
_2ddc _cBK |
||
| 999 |
_c258352 _d258352 |
||